Chemische Technologie Band 6: Organische Technologie II
Gespeichert in:
| 1. Verfasser: | |
|---|---|
| Weitere Verfasser: | |
| Format: | Buch |
| Sprache: | Deutsch |
| Veröffentlicht: |
München
Carl Hanser
1982
|
| Ausgabe: | 4. Auflage |
| Schlagworte: | |
| Online-Zugang: | Im OPAC anzeigen |
| Tags: |
Keine Tags, Fügen Sie das erste Tag hinzu!
|
MARC
| LEADER | 00000nam a2200000 a 4500 | ||
|---|---|---|---|
| 005 | 20260127134404.0 | ||
| 008 | 090511 1982 gw 000 0 ger d | ||
| 020 | |a 3446131841 | ||
| 035 | |a vtls009511096 | ||
| 039 | 9 | |a 200905110929 |b mschk03 |y 200905110924 |z mschk03 | |
| 040 | |a STUSCHK1 |b slo |c STUSCHK1 |e AACR2 | ||
| 080 | |a 66 | ||
| 100 | 1 | |a Winnacker, Karl | |
| 245 | 1 | |a Chemische Technologie |n Band 6: Organische Technologie II |c Karl Winnacker, Leopold Küchler | |
| 250 | |a 4. Auflage | ||
| 260 | |a München |b Carl Hanser |c 1982 | ||
| 300 | |a xxvii, 899 s. |b il. |c 24,5 cm | ||
| 650 | 0 | |a chemický priemysel | |
| 650 | 0 | |a chemické inžinierstvo | |
| 700 | 1 | |a Küchler, Leopold | |
| 910 | |a SCHK95 | ||
| 919 | |a 3-446-13184-1 | ||
| 999 | |c 11536 |d 11536 | ||